[Event "BL 1213 SV Hockenheim - Hamburger SK"]
[Site "?"]
[Date "2013.03.17"]
[Round "12.4"]
[White "Saric, Ivan"]
[Black "Ftacnik, Lubomir Dr"]
[Result "1-0"]
[WhiteElo "2625"]
[BlackElo "2547"]
[PlyCount "93"]
[EventDate "2013.??.??"]

1. e4 c5 2. Nf3 d6 3. d4 cxd4 4. Nxd4 Nf6 5. Nc3 a6 6. Be3 e5 7. Nb3 Be6 8. h3
Be7 9. Qf3 O-O 10. O-O-O b5 11. Kb1 b4 12. Nd5 Nxd5 13. exd5 Bd7 14. Qe4 a5 15.
f4 Bf6 16. g4 exf4 17. Bd3 g6 18. Qxf4 Be5 19. Qf2 a4 20. Nd2 f5 21. Nc4 Bg7
22. Qh2 Ra6 23. Qd2 b3 24. cxb3 axb3 25. axb3 fxg4 26. hxg4 Bxg4 27. Qh2 Bh5
28. Rdg1 Nd7 29. Nxd6 Ne5 30. Bxa6 Qxd6 31. Be2 Bxe2 32. Qxe2 Qxd5 33. Bh6 Bxh6
34. Rxh6 Qxb3 35. Qc2 Qb5 36. Rd1 Rb8 37. Rh4 Nf7 38. Rc4 Rb7 39. Re1 Nd6 40.
Rd4 Nf5 41. Rd8+ Kf7 42. Rh8 h5 43. Qc3 Ng7 44. Qa3 Qb4 45. Qf3+ Nf5 46. Qd5+
Kf6 47. Qe5+ 1-0

[Event "BL 1213 SV Hockenheim - Hamburger SK"]
[Site "?"]
[Date "2013.03.17"]
[Round "12.5"]
[White "Rogozenco, Dorian"]
[Black "Ribli, Zoltan"]
[Result "1/2-1/2"]
[WhiteElo "2503"]
[BlackElo "2554"]
[PlyCount "42"]
[EventDate "2013.??.??"]

1. d4 d5 2. c4 c6 3. Nc3 Nf6 4. cxd5 cxd5 5. Bf4 Nc6 6. Nf3 Bf5 7. Qb3 Na5 8.
Qa4+ Bd7 9. Qc2 Rc8 10. e3 e6 11. Bd3 Nc6 12. a3 Nh5 13. Be5 f6 14. Bxh7 fxe5
15. Qg6+ Ke7 16. Qxh5 Be8 17. Qh3 Kd7 18. dxe5 Bg6 19. Rd1 Kc7 20. Qxe6 Bxh7
21. Nxd5+ Kb8 1/2-1/2

[Event "BL 1213 SV Hockenheim - Hamburger SK"]
[Site "?"]
[Date "2013.03.17"]
[Round "12.6"]
[White "Miroshnichenko, Evgenij"]
[Black "Heinemann, Thies"]
[Result "1/2-1/2"]
[WhiteElo "2628"]
[BlackElo "2479"]
[PlyCount "55"]
[EventDate "2013.??.??"]

1. Nf3 c5 2. g3 Nc6 3. Bg2 g6 4. O-O Bg7 5. c3 Nf6 6. d3 O-O 7. a3 d6 8. e4 e5
9. b4 b6 10. Re1 Bb7 11. Nbd2 Re8 12. Rb1 Qd7 13. Nc4 b5 14. Ne3 cxb4 15. axb4
a5 16. Nd5 Nxd5 17. exd5 Ne7 18. c4 Ba6 19. Qb3 bxc4 20. dxc4 axb4 21. Qxb4 Qc7
22. Ba3 Qxc4 23. Qxc4 Bxc4 24. Bxd6 Bxd5 25. Bxe5 Nc6 26. Bxg7 Kxg7 27. Rxe8
Rxe8 28. Rd1 1/2-1/2

[Event "BL 1213 SV Hockenheim - Hamburger SK"]
[Site "?"]
[Date "2013.03.17"]
[Round "12.7"]
[White "Van Delft, Merijn"]
[Black "Rau, Hannes"]
[Result "1/2-1/2"]
[WhiteElo "2395"]
[BlackElo "2438"]
[PlyCount "95"]
[EventDate "2013.??.??"]

1. e4 e5 2. Nf3 Nf6 3. Nxe5 d6 4. Nf3 Nxe4 5. Nc3 Nxc3 6. dxc3 Be7 7. Be3 Nc6
8. Qd2 Be6 9. O-O-O Qd7 10. Ng5 Bxg5 11. Bxg5 f6 12. Be3 O-O-O 13. b3 Rhe8 14.
h3 Kb8 15. Be2 Bf5 16. Rhe1 Be4 17. f3 Bg6 18. Bf1 Re7 19. Bf2 Rde8 20. Rxe7
Rxe7 21. Kb2 Qf5 22. Qc1 a6 23. Rd2 Qc8 24. Qd1 Ka8 25. Bg1 Qe8 26. Bf2 Qc8 27.
a3 Kb8 28. Bg3 Ka8 29. Bh2 Qe8 30. Bg3 Qc8 31. Bf2 Kb8 32. Ka2 Bf7 33. Ka1 Bg6
34. Be2 Bf7 35. Kb2 Bg6 36. Qf1 Bf5 37. Ka2 Qe8 38. Kb2 Bc8 39. a4 g5 40. h4 h6
41. hxg5 hxg5 42. Qd1 f5 43. Bf1 Qh8 44. Re2 Re5 45. Qd2 Qh1 46. Re1 Rxe1 47.
Qxe1 f4 48. Bd4 1/2-1/2

[Event "BL 1213 Schachfr. Berlin - SF Katernber"]
[Site "?"]
[Date "2013.03.17"]
[Round "12.1"]
[White "Volokitin, Andrei"]
[Black "Schneider, Ilja"]
[Result "1/2-1/2"]
[WhiteElo "2724"]
[BlackElo "2489"]
[PlyCount "50"]
[EventDate "2013.??.??"]

1. e4 e5 2. Nf3 d6 3. d4 exd4 4. Nxd4 Nf6 5. Nc3 Be7 6. Be2 O-O 7. O-O Re8 8.
f4 Bf8 9. Bf3 c5 10. Nb3 Nc6 11. Re1 c4 12. Nd4 d5 13. e5 Ng4 14. Nxc6 Qh4 15.
Nd4 Bc5 16. Nce2 Qxh2+ 17. Kf1 f6 18. Ng1 Qg3 19. Bxg4 Bxg4 20. Ngf3 fxe5 21.
Rxe5 Rxe5 22. fxe5 Bxf3 23. gxf3 Qh3+ 24. Kg1 Qg3+ 25. Kf1 Qh3+ 1/2-1/2

[Event "BL 1213 Schachfr. Berlin - SF Katernber"]
[Site "?"]
[Date "2013.03.17"]
[Round "12.4"]
[White "Abel, Dennes"]
[Black "Chuchelov, Vladimir"]
[Result "0-1"]
[WhiteElo "2437"]
[BlackElo "2543"]
[PlyCount "80"]
[EventDate "2013.??.??"]

1. d4 Nf6 2. c4 e6 3. g3 c5 4. d5 exd5 5. cxd5 d6 6. Nc3 g6 7. Bg2 Bg7 8. Nf3
O-O 9. O-O Re8 10. Nd2 a6 11. a4 Nbd7 12. Nc4 Ne5 13. Nxe5 Rxe5 14. e4 Re8 15.
h3 Nd7 16. Kh2 Rb8 17. Qd3 Ne5 18. Qe2 c4 19. a5 b5 20. axb6 Qxb6 21. Nd1 Nd3
22. Ne3 Qc5 23. Ra4 Nxb2 24. Bxb2 Rxb2 25. Qxc4 Bd7 26. Qxc5 dxc5 27. Rxa6 Bb5
28. Rc6 Bxf1 29. Nxf1 Rxf2 30. d6 Rd8 31. Ne3 Bd4 32. Nc4 Rc2 33. Na5 Be5 34.
Nb7 Rd7 35. Rc8+ Kg7 36. Nxc5 Rc3 37. Nxd7 Bxg3+ 38. Kg1 Rxc8 39. e5 Rc1+ 40.
Bf1 Re1 0-1

[Event "BL 1213 Schachfr. Berlin - SF Katernber"]
[Site "?"]
[Date "2013.03.17"]
[Round "12.5"]
[White "Zaragatski, Ilja"]
[Black "Berndt, Stephan"]
[Result "1-0"]
[WhiteElo "2460"]
[BlackElo "2443"]
[PlyCount "65"]
[EventDate "2013.??.??"]

1. Nf3 Nf6 2. g3 b6 3. Bg2 Bb7 4. O-O e6 5. c4 c5 6. Nc3 Be7 7. d4 cxd4 8. Qxd4
O-O 9. Bg5 d6 10. Bxf6 Bxf6 11. Qd3 a6 12. Rad1 Be7 13. Ng5 Bxg5 14. Bxb7 Ra7
15. Be4 f5 16. Bg2 Rd7 17. f4 Bf6 18. e4 Bxc3 19. Qxc3 fxe4 20. Bxe4 Qc7 21.
Qd3 h6 22. f5 e5 23. Bd5+ Kh8 24. f6 gxf6 25. Qg6 Qd8 26. Be4 f5 27. Rxf5 Rg8
28. Qxh6+ Rh7 29. Qxd6 Nd7 30. Rf7 Rxg3+ 31. hxg3 Rxf7 32. Qh6+ Kg8 33. Rd6 1-0

[Event "BL 1213 Schachfr. Berlin - SF Katernber"]
[Site "?"]
[Date "2013.03.17"]
[Round "12.6"]
[White "Polzin, Rainer"]
[Black "Ris, Robert"]
[Result "1-0"]
[WhiteElo "2465"]
[BlackElo "2394"]
[PlyCount "69"]
[EventDate "2013.??.??"]

1. e4 e5 2. Nf3 Nc6 3. Bb5 a6 4. Ba4 d6 5. c3 Nf6 6. d3 g6 7. O-O Bg7 8. Re1
O-O 9. h3 b5 10. Bb3 Bb7 11. Nbd2 Na5 12. Bc2 c5 13. Nf1 Re8 14. Bg5 h6 15.
Bxf6 Qxf6 16. Ne3 Qd8 17. a3 Nc6 18. h4 h5 19. Bb3 Rf8 20. g3 Ne7 21. Ng5 d5
22. exd5 Nxd5 23. Qf3 c4 24. dxc4 Nxe3 25. Qxb7 Nxc4 26. a4 Qc8 27. Qd5 Nb6 28.
Qf3 Nc4 29. axb5 axb5 30. Qd5 Rxa1 31. Rxa1 Nxb2 32. Ra7 Kh8 33. Nxf7+ Kh7 34.
Ng5+ Kh6 35. Qd2 1-0

[Event "BL 1213 Schachfr. Berlin - SF Katernber"]
[Site "?"]
[Date "2013.03.17"]
[Round "12.7"]
[White "Scholz, Christian"]
[Black "Thiede, Lars"]
[Result "1/2-1/2"]
[WhiteElo "2389"]
[BlackElo "2441"]
[PlyCount "65"]
[EventDate "2013.??.??"]

1. d4 d6 2. Nf3 g6 3. c4 Bg7 4. Nc3 Bg4 5. e3 Nc6 6. h3 Bxf3 7. Qxf3 e5 8. d5
Nb4 9. Qd1 a5 10. a3 Na6 11. e4 Ne7 12. Be2 O-O 13. Rb1 f5 14. b4 axb4 15. axb4
c5 16. dxc6 bxc6 17. O-O Nc7 18. b5 Ne6 19. bxc6 Nxc6 20. Qd5 Ncd4 21. Bd3 Kh8
22. Nb5 Nc5 23. Rd1 fxe4 24. Bf1 Na4 25. Ra1 Qh4 26. Be3 Nc2 27. Nxd6 Nxe3 28.
fxe3 Qf2+ 29. Kh1 Nc3 30. Nf7+ Kg8 31. Nh6+ Kh8 32. Nf7+ Kg8 33. Nh6+ 1/2-1/2

[Event "BL 1213 Schachfr. Berlin - SF Katernber"]
[Site "?"]
[Date "2013.03.17"]
[Round "12.8"]
[White "Thinius, Marco"]
[Black "Hoolt, Sarah"]
[Result "1-0"]
[WhiteElo "2361"]
[BlackElo "2308"]
[PlyCount "89"]
[EventDate "2013.??.??"]

1. c4 Nf6 2. Nc3 d5 3. cxd5 Nxd5 4. g3 e5 5. Bg2 c6 6. Nf3 Nd7 7. O-O Be7 8. d4
Nxc3 9. bxc3 Qa5 10. Qc2 O-O 11. Rd1 h6 12. Bb2 Bf6 13. a4 Re8 14. e3 Nb6 15.
Nd2 exd4 16. cxd4 Bg4 17. Re1 Qh5 18. e4 Nd7 19. Nc4 Be7 20. Bc3 b5 21. Ne3 Bf3
22. axb5 cxb5 23. Nd5 Bxg2 24. Kxg2 Bd8 25. Qb3 a6 26. Nf4 Qg4 27. f3 Qg5 28.
h4 Qf6 29. e5 Qc6 30. d5 Qb7 31. e6 Nc5 32. Qb1 Bb6 33. Qf5 Re7 34. Qg4 fxe6
35. dxe6 Rae8 36. Bf6 Bd8 37. Bxe7 Bxe7 38. Nh5 Bd8 39. Qf5 Bb6 40. Rad1 Rf8
41. Qg4 Qe7 42. Nf4 Qf6 43. Nd5 Qb2+ 44. Kh3 Ba5 45. e7 1-0

[Event "BL 1213 SC Forchheim - SV Mülheim Nord"]
[Site "?"]
[Date "2013.03.17"]
[Round "12.1"]
[White "Fridman, Daniel"]
[Black "Jansa, Vlastimil"]
[Result "1/2-1/2"]
[WhiteElo "2670"]
[BlackElo "2451"]
[PlyCount "63"]
[EventDate "2013.??.??"]

1. d4 Nf6 2. Nf3 g6 3. c4 Bg7 4. Nc3 d5 5. cxd5 Nxd5 6. e4 Nxc3 7. bxc3 c5 8.
Rb1 O-O 9. Be2 b6 10. O-O Qc7 11. Qb3 e6 12. Be3 Nd7 13. Nd2 Bb7 14. f3 Rac8
15. Nc4 Rfd8 16. Rfc1 Bf8 17. a4 Ba6 18. g3 Nb8 19. Qa2 Nc6 20. Bf4 Bxc4 21.
Bxc4 Bd6 22. Be3 Na5 23. Ba6 Rb8 24. Bf1 Rbc8 25. f4 Qd7 26. Ba6 Rc7 27. Bb5
Qc8 28. Bf1 Qd7 29. Rd1 cxd4 30. Bb5 Qc8 31. cxd4 Nc4 32. Bxc4 1/2-1/2

[Event "BL 1213 SC Forchheim - SV Mülheim Nord"]
[Site "?"]
[Date "2013.03.17"]
[Round "12.2"]
[White "Mons, Leon"]
[Black "Landa, Konstantin"]
[Result "1/2-1/2"]
[WhiteElo "2339"]
[BlackElo "2641"]
[PlyCount "68"]
[EventDate "2013.??.??"]

1. e4 c5 2. Nf3 e6 3. d4 cxd4 4. Nxd4 a6 5. Bd3 Nf6 6. O-O Qc7 7. Qe2 d6 8. c4
g6 9. Nc3 Bg7 10. Nf3 Nc6 11. Rd1 O-O 12. h3 Nd7 13. Be3 Bxc3 14. bxc3 e5 15.
Nh2 f6 16. Ng4 Nc5 17. Bh6 Bxg4 18. Qxg4 Rfd8 19. Be2 Qd7 20. Qf3 Qe6 21. Rd2
Ne7 22. Rad1 Rac8 23. h4 Rc6 24. g3 Na4 25. Rb1 Rc7 26. Kg2 Kh8 27. Rb4 Nc5 28.
Be3 Nc6 29. Rb1 Na4 30. Bh6 Ne7 31. Rb4 Nc5 32. Be3 Nc6 33. Rb1 Na4 34. Bh6 Ne7
1/2-1/2

[Event "BL 1213 SC Forchheim - SV Mülheim Nord"]
[Site "?"]
[Date "2013.03.17"]
[Round "12.3"]
[White "Tregubov, Pavel V"]
[Black "Seyb, Alexander"]
[Result "1-0"]
[WhiteElo "2601"]
[BlackElo "2310"]
[PlyCount "99"]
[EventDate "2013.??.??"]

1. d4 d5 2. c4 c6 3. Nf3 Nf6 4. e3 Bf5 5. Nc3 e6 6. Nh4 Be4 7. f3 Bg6 8. Qb3
Qb6 9. Nxg6 hxg6 10. Bd2 Nbd7 11. O-O-O Qxb3 12. axb3 Bd6 13. h3 Nh5 14. Bd3
Ng3 15. Rhe1 O-O-O 16. Kb1 a6 17. Bc1 Rhe8 18. Bc2 Kb8 19. Rd3 Bc7 20. e4 dxe4
21. fxe4 c5 22. dxc5 Nxc5 23. Rf3 Rf8 24. b4 Nd7 25. b5 axb5 26. Nxb5 Be5 27.
Be3 f6 28. Rd1 g5 29. Bxg5 Nb6 30. c5 Nc4 31. Rxd8+ Rxd8 32. Bc1 Nd2+ 33. Bxd2
Rxd2 34. b4 Ne2 35. Rd3 Rxd3 36. Bxd3 Nc3+ 37. Kc2 Nxb5 38. Bxb5 Kc7 39. Bc4
Kd7 40. Kb3 Bd4 41. Ka4 e5 42. Kb5 Kc7 43. Be6 Bf2 44. Kc4 b6 45. Kd5 Be1 46.
b5 bxc5 47. Kxc5 Kd8 48. b6 Bf2+ 49. Kc6 Be3 50. Bd5 1-0

[Event "BL 1213 SC Forchheim - SV Mülheim Nord"]
[Site "?"]
[Date "2013.03.17"]
[Round "12.4"]
[White "Heidrich, Manfred"]
[Black "Feygin, Michael"]
[Result "1-0"]
[WhiteElo "2296"]
[BlackElo "2538"]
[PlyCount "113"]
[EventDate "2013.??.??"]

1. e4 e6 2. d3 d5 3. Nd2 Nf6 4. Ngf3 Nc6 5. c3 e5 6. Be2 a5 7. O-O Be7 8. Re1
O-O 9. Bf1 dxe4 10. dxe4 Bc5 11. h3 Qe7 12. Qc2 Nh5 13. Nc4 Qf6 14. Kh2 Nf4 15.
Be3 Be7 16. Ng1 b6 17. Rad1 Bb7 18. Bc1 Bc5 19. Ne3 Ne7 20. Nf3 h5 21. h4 Nfg6
22. Nf5 Nxf5 23. Bg5 Ne3 24. Rxe3 Qe6 25. Ree1 Qg4 26. g3 f6 27. Bc1 f5 28. Ng5
fxe4 29. Bh3 Rxf2+ 30. Qxf2 Bxf2 31. Bxg4 hxg4 32. Re2 Rf8 33. Ne6 Rf6 34. Rd8+
Kf7 35. Ng5+ Ke7 36. Rg8 e3 37. Rxg7+ Ke8 38. Bxe3 Bxe3 39. Rxe3 Rf1 40. Ne4
Ne7 41. Re2 Ba6 42. Rf2 Re1 43. Nf6+ Kf8 44. Rh7 Bb7 45. Nxg4+ Kg8 46. Nf6+ Kf8
47. Kh3 Bc8+ 48. g4 Ng6 49. Rxc7 Be6 50. Rd2 Ne7 51. Rd8+ Kg7 52. Ne8+ Kf7 53.
Nd6+ Kf6 54. Rf8+ Kg7 55. Rf3 Bd5 56. Rxe7+ Kg8 57. Rf5 1-0

[Event "BL 1213 SC Forchheim - SV Mülheim Nord"]
[Site "?"]
[Date "2013.03.17"]
[Round "12.5"]
[White "Levin, Felix"]
[Black "Doeres, Hans-Juergen"]
[Result "1/2-1/2"]
[WhiteElo "2508"]
[BlackElo "2226"]
[PlyCount "170"]
[EventDate "2013.??.??"]

1. Nf3 Nf6 2. c4 d6 3. d4 g6 4. Nc3 Bg7 5. e4 O-O 6. Be2 Nbd7 7. O-O e5 8. Qc2
Re8 9. Rd1 exd4 10. Nxd4 Nc5 11. f3 a5 12. Ndb5 Bd7 13. Be3 Ne6 14. Qd2 Bc6 15.
Nd5 Nd7 16. Rab1 Ndc5 17. b3 Be5 18. Bf1 Bxb5 19. cxb5 c6 20. bxc6 bxc6 21. Nf4
Qf6 22. Ne2 g5 23. Ng3 g4 24. Qf2 gxf3 25. Qxf3 Qg6 26. Nf5 Ng5 27. Bxg5 Qxg5
28. g3 Rad8 29. Bc4 Ne6 30. Rf1 Rd7 31. Rbd1 Kh8 32. Kh1 Qg6 33. Nh4 Qg7 34.
Qf5 Rde7 35. Nf3 Nc5 36. Nxe5 Rxe5 37. Qxf7 Nxe4 38. Qxg7+ Kxg7 39. Rf7+ Kg6
40. Rdf1 R8e7 41. R7f4 d5 42. Bd3 Kg7 43. Rc1 R7e6 44. Kg2 h6 45. Bxe4 dxe4 46.
Kf2 a4 47. Ke3 axb3 48. axb3 Rb5 49. Rc3 Rb4 50. Rf5 Rd6 51. Rfc5 Rf6 52. R5c4
Rxc4 53. Rxc4 Rf3+ 54. Kxe4 Rxb3 55. Rxc6 Rb4+ 56. Kf5 Rb5+ 57. Kg4 Rb4+ 58.
Kh3 Ra4 59. Rc2 Rb4 60. Kg2 Rb3 61. h4 Ra3 62. Re2 Rb3 63. Kf2 Ra3 64. Re3 Ra7
65. Kf3 Rb7 66. Re6 Rb3+ 67. Kf4 Rb4+ 68. Kf5 Rb5+ 69. Re5 Rb7 70. h5 Ra7 71.
Rd5 Rb7 72. g4 Ra7 73. Rd6 Rf7+ 74. Ke5 Re7+ 75. Re6 Ra7 76. Rg6+ Kh7 77. Rd6
Rg7 78. Rd4 Ra7 79. Ke6 Kg7 80. Rd7+ Rxd7 81. Kxd7 Kf7 82. Kd8 Kf8 83. Kd7 Kf7
84. Kd8 Kf8 85. Kd7 Kf7 1/2-1/2

[Event "BL 1213 SC Forchheim - SV Mülheim Nord"]
[Site "?"]
[Date "2013.03.17"]
[Round "12.6"]
[White "Kraeussling, Andreas"]
[Black "Hausrath, Daniel"]
[Result "1/2-1/2"]
[WhiteElo "2268"]
[BlackElo "2484"]
[PlyCount "47"]
[EventDate "2013.??.??"]

1. d4 Nf6 2. Nf3 g6 3. c4 Bg7 4. Nc3 O-O 5. e4 d6 6. Be2 c5 7. d5 e6 8. O-O Re8
9. h3 exd5 10. exd5 Bf5 11. Bd3 Ne4 12. Nxe4 Bxe4 13. Bxe4 Rxe4 14. Qc2 Re8 15.
Bd2 Nd7 16. Rae1 a6 17. Bc3 b5 18. Rxe8+ Qxe8 19. Bxg7 Kxg7 20. Qc3+ Kg8 21.
Re1 Qf8 22. b3 Re8 23. Rxe8 Qxe8 24. Qa5 1/2-1/2

[Event "BL 1213 SC Forchheim - SV Mülheim Nord"]
[Site "?"]
[Date "2013.03.17"]
[Round "12.7"]
[White "Saltaev, Mihail"]
[Black "Weigel, Robert Prof.Dr"]
[Result "1-0"]
[WhiteElo "2479"]
[BlackElo "2198"]
[PlyCount "43"]
[EventDate "2013.??.??"]

1. e4 c5 2. Nf3 Nf6 3. Nc3 d5 4. Bb5+ Bd7 5. Bxd7+ Qxd7 6. exd5 Nxd5 7. O-O Nc6
8. Nxd5 Qxd5 9. b3 O-O-O 10. d3 g6 11. Bb2 f6 12. Nd2 Kb8 13. a3 Bh6 14. Nc4
Nd4 15. b4 e5 16. bxc5 Qxc5 17. Bxd4 Qxd4 18. Rb1 Rd5 19. Qf3 f5 20. Rb4 e4 21.
Qh3 Bf8 22. Qg3+ 1-0

[Event "BL 1213 SC Forchheim - SV Mülheim Nord"]
[Site "?"]
[Date "2013.03.17"]
[Round "12.8"]
[White "Miller, Eduard"]
[Black "Rezasade, Amir"]
[Result "0-1"]
[WhiteElo "2151"]
[BlackElo "2338"]
[PlyCount "66"]
[EventDate "2013.??.??"]

1. e4 c5 2. Nf3 d6 3. d3 Nc6 4. g3 g6 5. Bg2 Bg7 6. O-O Nf6 7. c3 O-O 8. Qe2 e5
9. a3 d5 10. b4 c4 11. dxc4 dxe4 12. Ng5 Qd3 13. Re1 Rd8 14. Bd2 Qc2 15. Nxe4
Qb2 16. Nxf6+ Bxf6 17. Bxc6 bxc6 18. Qf3 Rd6 19. c5 Re6 20. c4 e4 21. Qf4 Qxa1
22. Nc3 Qb2 23. Nxe4 Rxe4 24. Rxe4 Bf5 25. Re1 Rd8 26. Be3 Bc3 27. Rc1 Qe2 28.
Kg2 Bb2 29. Rh1 Re8 30. Rg1 Be5 31. Qh4 Bg7 32. Qf4 Be4+ 33. Kh3 Qxc4 0-1

[Event "BL 1213 SC Eppingen - SV Hockenheim"]
[Site "?"]
[Date "2013.04.05"]
[Round "13.1"]
[White "Buhmann, Rainer"]
[Black "Harikrishna, Pentala"]
[Result "1/2-1/2"]
[WhiteElo "2584"]
[BlackElo "2688"]
[PlyCount "56"]
[EventDate "2013.??.??"]

1. Nf3 g6 2. e4 Bg7 3. d4 c6 4. c3 Nf6 5. Bd3 d6 6. O-O O-O 7. h3 Qc7 8. a4 e5
9. dxe5 dxe5 10. Na3 Nbd7 11. Be3 b6 12. Re1 Bb7 13. Nc4 b5 14. Ncd2 a6 15. c4
Qd6 16. Qc2 Nc5 17. Bxc5 Qxc5 18. axb5 cxb5 19. cxb5 Qxc2 20. Bxc2 axb5 21.
Rxa8 Rxa8 22. Nxe5 Ra2 23. Rb1 Nxe4 24. Bxe4 Bxe4 25. Nxe4 Bxe5 26. Nc3 Bxc3
27. bxc3 Ra3 28. Rxb5 Rxc3 1/2-1/2

[Event "BL 1213 SC Eppingen - SV Hockenheim"]
[Site "?"]
[Date "2013.04.05"]
[Round "13.2"]
[White "Berkes, Ferenc"]
[Black "Baramidze, David"]
[Result "1-0"]
[WhiteElo "2679"]
[BlackElo "2615"]
[PlyCount "113"]
[EventDate "2013.??.??"]

1. d4 Nf6 2. c4 g6 3. Nc3 d5 4. Nf3 Bg7 5. cxd5 Nxd5 6. e4 Nxc3 7. bxc3 c5 8.
Be3 Qa5 9. Nd2 cxd4 10. Nc4 dxe3 11. Nxa5 Bxc3+ 12. Ke2 Bxa5 13. Kxe3 O-O 14.
Bb5 a6 15. Ba4 b5 16. Qd5 Ra7 17. Bb3 Bb6+ 18. Ke2 Rd7 19. Qg5 Nc6 20. h4 Rfd8
21. Rad1 Nd4+ 22. Rxd4 Rxd4 23. f3 Ba5 24. Qxe7 R4d7 25. Qf6 Rd2+ 26. Ke3 R8d3+
27. Kf4 Bc7+ 28. e5 Rxb3 29. axb3 Be6 30. Kg3 Rd4 31. Qg5 h5 32. Qe3 Rd5 33. f4
Bf5 34. Qa7 Bd8 35. b4 Kg7 36. Re1 Rd3+ 37. Re3 Rxe3+ 38. Qxe3 Be7 39. Qe1 Bg4
40. Kh2 Be6 41. g3 f6 42. Qe4 Kf7 43. Qb7 f5 44. Kh3 Bc4 45. Qxa6 Kg7 46. Qb7
Kf8 47. Qc6 Kf7 48. Qd7 Bf1+ 49. Kh2 Bc4 50. Kg1 Be2 51. Kf2 Bc4 52. Ke3 Bf1
53. e6+ Kf6 54. Qd5 Bf8 55. Qd8+ Be7 56. Qg8 Bc4 57. Qf7# 1-0

[Event "BL 1213 SC Eppingen - SV Hockenheim"]
[Site "?"]
[Date "2013.04.05"]
[Round "13.3"]
[White "Koch, Wolfgang Max Dr"]
[Black "Tiviakov, Sergei"]
[Result "0-1"]
[WhiteElo "2309"]
[BlackElo "2659"]
[PlyCount "112"]
[EventDate "2013.??.??"]

1. d4 Nf6 2. Nf3 e6 3. c4 b6 4. g3 Bb4+ 5. Bd2 Be7 6. Bg2 c6 7. O-O d5 8. Ne5
O-O 9. Nc3 Bb7 10. cxd5 cxd5 11. Rc1 Nfd7 12. Nxd7 Qxd7 13. f4 Nc6 14. Be3 Na5
15. b3 f5 16. Nb1 Ba6 17. Qd2 Nb7 18. Rc2 Nd6 19. Rfc1 Ne4 20. Qe1 Bd6 21. Bd2
Qe7 22. a3 Qf6 23. Bc3 g5 24. Bxe4 fxe4 25. e3 Bd3 26. Rg2 a5 27. Bb2 Rac8 28.
Rxc8 Rxc8 29. Nc3 Qe7 30. Qa1 b5 31. Rf2 Rf8 32. Qc1 Qg7 33. Rg2 Bb8 34. Qd1
Kh8 35. Qh5 Qg6 36. Qd1 Rg8 37. Qd2 Qh5 38. fxg5 Rc8 39. b4 axb4 40. axb4 Qxg5
41. Qe1 Bd6 42. Nd1 Rf8 43. Nf2 Bc4 44. Bc1 Qf5 45. Bd2 Qf3 46. Bc3 Qe2 47. h3
Qxe1+ 48. Bxe1 Rf3 49. Bd2 Bxg3 50. Bc1 h5 51. Bd2 Kg7 52. Bc1 h4 53. Bd2 Kf7
54. Bc1 e5 55. dxe5 Ke6 56. Bd2 d4 0-1

[Event "BL 1213 SC Eppingen - SV Hockenheim"]
[Site "?"]
[Date "2013.04.05"]
[Round "13.4"]
[White "Balogh, Csaba"]
[Black "Boguslavsky, Oleg"]
[Result "1-0"]
[WhiteElo "2664"]
[BlackElo "2445"]
[PlyCount "81"]
[EventDate "2013.??.??"]

1. e4 e5 2. Nf3 Nc6 3. Bb5 a6 4. Ba4 Nf6 5. O-O Be7 6. d3 d6 7. c3 O-O 8. Re1
Re8 9. Nbd2 Bf8 10. d4 b5 11. Bc2 Bb7 12. d5 Ne7 13. b3 c6 14. c4 Nc8 15. Nf1
Nb6 16. Ne3 Rc8 17. Bd2 cxd5 18. cxd5 Nbd7 19. a4 Nc5 20. axb5 axb5 21. Ba5 Qd7
22. Nd2 g6 23. b4 Na6 24. Bd3 Rb8 25. Nb1 Rec8 26. Na3 Nc7 27. Bxc7 Qxc7 28.
Nxb5 Qd7 29. Na7 Rc3 30. Qd2 Rc7 31. b5 Bh6 32. Nc6 Rf8 33. Qb4 Nh5 34. Nc4 Nf4
35. Bf1 Qg4 36. g3 Rd7 37. Nxd6 Nxd5 38. Qc5 Bxc6 39. bxc6 Rxd6 40. Qxd6 Nb6
41. Rab1 1-0

[Event "BL 1213 SC Eppingen - SV Hockenheim"]
[Site "?"]
[Date "2013.04.05"]
[Round "13.5"]
[White "Gasthofer, Alexander"]
[Black "Ruck, Robert"]
[Result "1/2-1/2"]
[WhiteElo "2441"]
[BlackElo "2567"]
[PlyCount "136"]
[EventDate "2013.??.??"]

1. d4 Nf6 2. c4 g6 3. Nf3 Bg7 4. g3 d5 5. cxd5 Nxd5 6. Bg2 Nb6 7. Nc3 Nc6 8. e3
O-O 9. O-O Re8 10. d5 Na5 11. Nd4 Bd7 12. b3 Rc8 13. Bb2 c6 14. dxc6 Nxc6 15.
Nxc6 Bxc6 16. Rc1 Nd7 17. Qe2 Bxg2 18. Kxg2 Qa5 19. Rfd1 Bxc3 20. Rxc3 Rxc3 21.
Qd2 Rc5 22. b4 Qc7 23. bxc5 Nxc5 24. Qd4 f6 25. Qd5+ Kf8 26. Ba3 b6 27. Bxc5
bxc5 28. Qc4 Rc8 29. e4 Qc6 30. Rd5 Kg7 31. h4 Qe6 32. a3 h5 33. Kh2 Rc7 34.
Kg2 Rc6 35. Kh2 Kf7 36. Kg2 Ra6 37. e5 fxe5 38. Qxc5 Qc6 39. Qxc6 Rxc6 40. Ra5
e4 41. Rxa7 Rc2 42. Kf1 Kf6 43. Ra8 Ra2 44. Ra5 e5 45. Ra6+ Kf5 46. Ra4 Rc2 47.
Rb4 Rc3 48. Ke2 Rxa3 49. Rc4 Rd3 50. Ra4 Rd4 51. Ra3 Rb4 52. Ke3 Rb2 53. Rc3
Rb8 54. Ra3 Rf8 55. Ra6 Rd8 56. Ra3 Rd4 57. Rb3 Kg4 58. Rb5 Kf5 59. Rb3 Rc4 60.
Ra3 g5 61. hxg5 Kxg5 62. Ra8 Rb4 63. Rg8+ Kf5 64. Rf8+ Ke6 65. Rh8 Kd5 66. Rd8+
Ke6 67. Rh8 Kd5 68. Rd8+ Ke6 1/2-1/2

[Event "BL 1213 SC Eppingen - SV Hockenheim"]
[Site "?"]
[Date "2013.04.05"]
[Round "13.6"]
[White "Medvegy, Zoltan"]
[Black "Rau, Hannes"]
[Result "1/2-1/2"]
[WhiteElo "2561"]
[BlackElo "2438"]
[PlyCount "78"]
[EventDate "2013.??.??"]

1. g3 Nf6 2. Bg2 d5 3. Nf3 e6 4. O-O Be7 5. c4 O-O 6. b3 d4 7. e3 c5 8. exd4
cxd4 9. Re1 Nc6 10. Ba3 a5 11. Bxe7 Qxe7 12. d3 Nd7 13. Nbd2 Nc5 14. Ne4 e5 15.
Nxc5 Qxc5 16. Ng5 h6 17. Ne4 Qa3 18. Qc1 Qxc1 19. Rexc1 Nb4 20. a3 Nxd3 21. Rd1
f5 22. Rxd3 fxe4 23. Bxe4 Bf5 24. Re1 Rac8 25. Bd5+ Kh8 26. Rd2 Rce8 27. f3 b6
28. Rde2 d3 29. Rd2 g5 30. Re3 Rf6 31. Be4 Bxe4 32. fxe4 a4 33. Rexd3 axb3 34.
Rxb3 Rc8 35. Rb4 Rfc6 36. Rd7 g4 37. Kf2 Rxc4 38. Rxc4 Rxc4 39. Rd6 Rc2+
1/2-1/2

[Event "BL 1213 SC Eppingen - SV Hockenheim"]
[Site "?"]
[Date "2013.04.05"]
[Round "13.7"]
[White "Kuci, Blerim"]
[Black "Mann, Christian"]
[Result "0-1"]
[WhiteElo "2209"]
[BlackElo "2447"]
[PlyCount "68"]
[EventDate "2013.??.??"]

1. Nf3 d5 2. d3 g6 3. Nbd2 Bg7 4. e4 Nf6 5. g3 dxe4 6. dxe4 Nc6 7. Bg2 Bg4 8.
h3 Bxf3 9. Qxf3 O-O 10. O-O a5 11. a4 Qd6 12. Nb3 Nd7 13. Qe2 Qe6 14. Kh2 Nb6
15. Rd1 Rfd8 16. Rxd8+ Rxd8 17. Bf1 Nd4 18. Nxd4 Rxd4 19. f3 Qc6 20. Be3 Rxa4
21. Rd1 h5 22. Qd3 Ra2 23. Qd8+ Kh7 24. Qxe7 Qxc2+ 25. Rd2 Qb3 26. Bxb6 cxb6
27. f4 a4 28. f5 a3 29. Bg2 Rxb2 30. fxg6+ Kxg6 31. Rd5 Qf3 32. Qd6+ Kh7 33.
Rd2 Qe3 34. Rd5 Qe2 0-1